Série produção orgânica de crucíferas (Registro n. 339568)
[ somente texto ]
| 000 -LÍDER | |
|---|---|
| Campo de controle fixo | 00947nam a22003497a 4500 |
| 001 - NÚMERO DE CONTROLE | |
| Número de controle | BR2025004329 |
| 003 - CÓDIGO MARC DA AGÊNCIA CATALOGADORA | |
| Campo de controle | BR-BrBNA |
| 005 - DATA E HORA DA ÚLTIMA ATUALIZAÇÃO | |
| Campo de controle | 20251229092134.0 |
| 008 - CAMPO DE TAMANHO FIXO | |
| Campo fixo de controle | 251224b2025 bl.||||| |||| 00| 0 por d |
| 040 ## - FONTE DA CATALOGAÇÃO | |
| Agência catalogadora | BR-BrBNA |
| Idioma da catalogação | por |
| 041 ## - CÓDIGO DO IDIOMA | |
| Código do Idioma | por |
| 072 ## - CATEGORIA AGRIS | |
| Código da categoria de assunto/objeto | <a href="F01">F01</a> |
| Código do objeto | 1960 |
| 072 ## - CATEGORIA AGRIS | |
| Código da categoria de assunto/objeto | <a href="F08">F08</a> |
| 090 ## - NÚMERO DE CHAMADA | |
| Localização na estante | 1960 BR2025004825 |
| 100 0# - ENTRADA PRINCIPAL - NOME PESSOAL | |
| Nome pessoal | Martins, Gervásio R. (ed.) |
| 110 ## - ENTRADA PRINCIPAL - ENTIDADE | |
| Nome da entidade ou lugar | Associação de Agricultura Orgânica, São Paulo, SP (Brazil) |
| 245 ## - TÍTULO PRINCIPAL | |
| Título principal | Série produção orgânica de crucíferas |
| 260 ## - IMPRENTA (PUBLICAÇÃO, DISTRIBUIÇÃO, ETC.) | |
| Lugar de publicação, distribuição, etc. | São Paulo, SP (Brazil) |
| Data de publicação, distribuição, etc | {nd} |
| 300 ## - DESCRIÇÃO FÍSICA | |
| Extensão | 13 p. |
| 500 ## - NOTA GERAL | |
| Notas gerais | Published after 1993; 4 ref.; 2 illus.; 4 tables |
| 650 ## - ASSUNTO - THESAGRO | |
| Cabeçalho tópico ou nome geográfico | CRUCÍFERA |
| 650 ## - ASSUNTO - THESAGRO | |
| Cabeçalho tópico ou nome geográfico | BRASSICACEAE |
| 650 ## - ASSUNTO - THESAGRO | |
| Cabeçalho tópico ou nome geográfico | HORTALIÇA |
| 650 ## - ASSUNTO - THESAGRO | |
| Cabeçalho tópico ou nome geográfico | BRÓCOLIS |
| 650 ## - ASSUNTO - THESAGRO | |
| Cabeçalho tópico ou nome geográfico | COUVE |
| 650 ## - ASSUNTO - THESAGRO | |
| Cabeçalho tópico ou nome geográfico | COUVE FLOR |
| 650 ## - ASSUNTO - THESAGRO | |
| Cabeçalho tópico ou nome geográfico | REPOLHO |
| 650 ## - ASSUNTO - THESAGRO | |
| Cabeçalho tópico ou nome geográfico | AGRICULTURA ORGÂNICA |
| 650 ## - ASSUNTO - THESAGRO | |
| Cabeçalho tópico ou nome geográfico | PRODUÇÃO ORGÂNICA |
| 909 ## - IDENTIFICAÇÃO DO CATALOGADOR | |
| Ano e mês da catalogação (aaaamm) | 202512 |
| Identificação do catalogador | Solange Oliveira |
| 942 ## - TIPO ESPECÍFICO | |
| Tipo de material | Livros |
| 952 ## - LOCATION AND ITEM INFORMATION (KOHA) | |
| -- | 2025-12-24 |
| Status de empréstimo | Fonte de classificação | Status de danificação | Não pode ser emprestado | Localização permanente | Localização atual | Total Checkouts | Número de chamada | Código de barras | Tipo de material |
|---|---|---|---|---|---|---|---|---|---|
| Classificação AGRIS | Biblioteca Nacional de Agricultura - Binagri | Biblioteca Nacional de Agricultura - Binagri | 1960 BR2025004825 | 2025-7539 | Livros |

BINAGRI